00706nam a22002057a 450000500170000001000170001702000560003402000180009003500170010803700240012508200120014910000250016124500770018626000690026327000660033230000320039849000310043050000190046170000200048020120120111620.0 aB-477026-043 a9788179933411c930.00 (set of 6 books) 155.00 each a9788179933572 aB-477026-043 adplbBlue Berry/Ven a523.112 aKumar, Aanchal Broca aGalaxies stars planetsbby Aanchal Borca Kumar; edited by Anupama Jauhry aNew DelhibThe Energy and Resources Institute, TERI Press,c2011 aDarbari Seth Block, IHC Centre, Lodhi RoadbNew Delhie110003 a30p.bill (col)c29 cm (Hb) aScience in our environment aage 7-11 group aJauhry, Anupama